Представление документа в формате MARC21

Поле Инд. ПП Название Значение
Тип записи a
Библиографический уровень a
001 Контрольный номер a618e8904a784f1abced01aa06a2db56
005 Дата корректировки 20220224163830.1
040 a Служба первич. каталог. НБ ТвГУ
b Код языка каталог. rus
e Правила каталог. PSBO
041 0_ a Код языка текста rus
097 b Оператор Komarova.ES
100 1_ a Автор Stepanov Vladimir Alekseevich
q Полное имя Stepanov V. A.
245 10 a Заглавие In defense of the self-reference quantifier S??. Approximation by dynamic systems
260 a Место издания Тверь
b Издательство Тверской государственный университет
504 a Библиография Библиогр.: с. 277 (5 назв.)
520 0_ a Аннотация Arguments in defense of introducing the self-referencing quantifier S?? and its approximation on dynamical systems are consistently presented. The case of classical logic is described in detail. Generated 3-valued truth tables that match the corresponding Priest tables [5]. In the process of constructing 4-valued truth tables, two more truth values were revealed that did not coincide with the original ones. Therefore, the closed tables turned out to be 6-valued. De Morgan’s law confirmed in 6-valued truth tables.
653 0_ a Ключевые слова Self-reference quantifier
a Ключевые слова Dynamic systems
a Ключевые слова TruthTeller
a Ключевые слова Математическое моделирование
a Ключевые слова Динамика
773 18 w Контрольный № источника f93cd7c2cffb4b90a02951ff508e955d
t Название источника Математические основы информатики и информационно-коммуникационных систем"
d Место и дата издания Тверь : Тверской государственный университет, 2021
g Прочая информация С. 272-278
856 40 u URL http://megapro.tversu.ru/megaPro/UserEntry?Action=FindDocs&ids=5455333
u URL http://texts.lib.tversu.ru/texts/151526t.pdf
x Примечание для ЭОР Справка УИС 2021
x Примечание для ЭОР Реестр суммарного учета сетевых локальных документов
i Дата подключения ЭОР 20211224
901 t Тип документа a
920 a Оператор Кома
954 b Дата поступления в ОК 20211222